000
00323nam a2200145Ia 4500
100
_a
Ince/ Darrel/ Freeman/ Adam
942
_c
BK
654
_a
computer
245
_a
Prog the Internet with Java
260
_b
Addison Wesly
_c
1999
082
_a
005.133'J'
_b
INC/
300
_a
387
546
_a
ENGLISH
999
_c
18198
_d
18198